| 000 | 00704nam a2200205 a 4500 | ||
|---|---|---|---|
| 999 |
_c20023 _d20023 |
||
| 005 | 20191224042342.0 | ||
| 008 | 171212b2013 ck ao||gr|||| 00| 0 spa d | ||
| 040 |
_aCO-BoIAVH _cCO-BoIAVH |
||
| 041 | _aspa | ||
| 044 | _ack | ||
| 082 | 0 | 4 |
_a333.72014 _bV48b |
| 110 | 1 | _aFundación al Verde Vivo | |
| 245 | 1 | 3 | _aEl bosque pintado |
| 260 |
_aBogotá (Colombia) : _bFundación al Verde Vivo _c2013. |
||
| 300 |
_a120 páginas (aprox.) _bilustraciones y fotografías a color. _c22 x 19 cm. |
||
| 650 | 2 | 6 |
_a Bosques _z Colombia _vilustración |
| 650 | 2 | 6 | _aBiodiversidad en bosques |
| 700 | 1 |
_aVásquez Lalinde, Luis Fernando _eDirector del proyecto |
|
| 942 |
_2ddc _cLIBRO |
||